01138nam a2200241Ia 4500001000600000003000900006008004100015040001300056040001300069041001200082100002000094100002900114245011000143245003000253250001100283260001700294260002200311260004900333300005900382500037900441650004500820650003100865A6678IT-RoPAU130308s9999 xx 000 0 und d aIT-RoPAU cIT-RoPAU aINGLESE aSplichal Slavko gCodice Aut. SPICS: 36085 aCritical Theory and Empirical Critique in Mass Communication Research: Some Methodological Considerations bCommunication Yearbook-12 a1a ed. aNEWBURY PARK bSage Publications c1989 [1° Ed.:1989 - Ed.Ling.Originale:1989] a"18 p. (prefazione: no ; testo: 18 [pagine: 618-635])" aTeoria Critica e Critica Empirica nella Ricerca Sulle comunicazioni di Massa. Considerazioni Metodologiche. tra Fatti di Morte e soggetti Fittizi. Ricerca Empirica Sulla Coscienza Ideologizzata. Metodo positivo e Critico. Dalla Quantità Alla Qualità nella Teoria e nella Ricerca. Studi Culturali: niente di Nuovo nella Dicotomia tra Tradizioni Amministrative e Critiche. aENCICLOPEDIE DELLA COMUNICAZIONE SOCIALE eCodice materia Spics: 3801